Limón y sus características etno-culturales /
Este trabajo analiza el proceso de surgimiento, en el Caribe costarricense, de una identidad limonense, con sus tradiciones, mentalidad, proceso poblacional e interacción de los elementos socio-culturales. Limón se diferencia del resto del país, no solo por sus características naturales, sino, tambi...
Guardado en:
| 主要作者: | |
|---|---|
| 格式: | Texto |
| 主題: | |
| 標簽: |
添加標簽
沒有標簽, 成為第一個標記此記錄!
|
MARC
| LEADER | 00000 a a2200000 04500 | ||
|---|---|---|---|
| 001 | 18887 | ||
| 003 | |||
| 040 | |||
| 100 | |a Martínez, Róger | ||
| 245 | |a Limón y sus características etno-culturales / |c Róger Martínez | ||
| 500 | |a Resumen también en inglés páginas 5 | ||
| 520 | |a Este trabajo analiza el proceso de surgimiento, en el Caribe costarricense, de una identidad limonense, con sus tradiciones, mentalidad, proceso poblacional e interacción de los elementos socio-culturales. Limón se diferencia del resto del país, no solo por sus características naturales, sino, también, por su composición etnocultural: negros, hispano-parlantes, chinos, indígenas |a con su mezcla interétnica de mulatos, mestizos y sambos, donde se configuró un compuesto sociocultural muy colorido, debido a la especificidad de su estructura económico-productiva y proceso histórico-regional. Esta expresión cultural debe verse dentro de un plano político, donde los grupos sociales manifiesten sus derechos, intereses y necesidades, pues, la cultura es una forma de correlación y expresión de fuerzas políticas | ||
| 650 | |a IDENTIDAD CULTURAL | ||
| 650 | |a GRUPOS ETNICOS | ||
| 650 | |a COSTA RICA | ||
| 773 | |g número 44; páginas 48-63 | ||
| 999 | |c 37757 |d 37757 | ||
